000
00262nam a22001217a 4500
999
_c
9475
_d
9475
003
OSt
005
20210114165331.0
008
210114b ||||| |||| 00| 0 eng d
040
_c
DDC
100
_a
Frydenger, Tom
245
_a
Stepfamily problems
942
_2
ddc
_c
BK